000 00682cab a2200217 4500
001 WB3228-05
008 090401t1996 xxu||||| |||| 00| 0 eng d
035 _a(Sirsi) u56329
041 _aeng
245 _aContract to address complaints
260 _c1996
350 _a0
490 _aNew Civil Engineer
_v91183) 18 July 1996, 21(1)
520 _aA new form of contract is being developed by ICE in an effort to cut complaints against small engineering practices.
650 _aCOMPLAINTS PROCEDURES
650 _aDISPUTE RESOLUTION
_96236
650 _aSMALL WORKS CONTRACT
690 _aBUILT ENVIRONMENT-BUILDING CONTRACT FORMS
942 _n0
948 _c04/03/1997
999 _c34352
_d34352